Normal view
MARC view
- Smith P R; Dr. Palla Sivaprasad & Taylor J
Entry Personal Name
001 - CONTROL NUMBER
- control field: 118089
003 - CONTROL NUMBER IDENTIFIER
- control field: OSt
005 - DATE AND TIME OF LATEST TRANSACTION
- control field: 20230125045651.0
008 - FIXED-LENGTH DATA ELEMENTS
- fixed length control field: 230125|| aca||aabn | a|a d
040 ## - CATALOGING SOURCE
- Original cataloging agency: OSt
- Transcribing agency: OSt
100 ## - HEADING--PERSONAL NAME
- Personal name: Smith P R; Dr. Palla Sivaprasad & Taylor J
670 ## - SOURCE DATA FOUND
- Source citation: Work cat.: (OSt)96075: Smith P R 111371, Marketing Communications An Integrated Approach, 2005